不高兴的毛毛虫 / (Record no. 10092)

MARC details
000 -LEADER
fixed length control field 00961nam a22001937a 4500
001 - CONTROL NUMBER
control field 10092
003 - CONTROL NUMBER IDENTIFIER
control field FISKH
005 - DATE AND TIME OF LATEST TRANSACTION
control field 20260408092318.0
008 - FIXED-LENGTH DATA ELEMENTS--GENERAL INFORMATION
fixed length control field 260408b cb ||||| |||| 00| 0 eng d
040 ## - CATALOGING SOURCE
Original cataloging agency FISKH
Language of cataloging chi
Transcribing agency FISKH
Modifying agency FISKH
082 ## - DEWEY DECIMAL CLASSIFICATION NUMBER
Classification number 895.1
100 ## - MAIN ENTRY--PERSONAL NAME
Personal name 古堂君
245 ## - TITLE STATEMENT
Title 不高兴的毛毛虫 /
Statement of responsibility, etc. By 古堂君
300 ## - PHYSICAL DESCRIPTION
Extent 20 pages :
Other physical details color illustrations ;
Dimensions 21 cm .
520 ## - SUMMARY, ETC.
Summary, etc. 《不高兴的毛毛虫》讲述了一只小毛毛虫的故事。小毛毛虫因为一些事情感到不高兴,它在成长的过程中经历了不同的感受和冒险。通过与周围环境、朋友的互动,它慢慢学会理解自己的情绪,并发现让自己开心的方法。<br/><br/>这本书画风明亮可爱,文字简单,非常适合儿童阅读。它不仅让孩子了解毛毛虫的故事,还能帮助孩子认识和表达自己的情绪,培养情感认知能力。
700 ## - ADDED ENTRY--PERSONAL NAME
Personal name 咚东
942 ## - ADDED ENTRY ELEMENTS (KOHA)
Source of classification or shelving scheme Dewey Decimal Classification
Koha item type Chinese Book
Suppress in OPAC No
Holdings
Withdrawn status Lost status Source of classification or shelving scheme Damaged status Not for loan Collection Home library Current library Shelving location Date acquired Total Checkouts Full call number Barcode Date last seen Price effective from Koha item type
    Dewey Decimal Classification     Reference Footprints International School Library Network Toul Tom Poung Campus Footprints International School Library Network Toul Tom Poung Campus Librarian's Shelf TTP 04/08/2026   古堂君 895.1 2026-0463 04/08/2026 04/08/2026 Chinese Book